| 000 | 00633cab a2200205 4500 | ||
|---|---|---|---|
| 001 | WB2321-08 | ||
| 008 | 090401t1987 xxu||||| |||| 00| 0 eng d | ||
| 035 | _a(Sirsi) u713 | ||
| 041 | _aeng | ||
| 245 | _aJoint statement on forms of contract | ||
| 260 | _c1987 | ||
| 350 | _a0 | ||
| 490 |
_aCILL _v1987 p335 |
||
| 520 | _aThe JCT and NJCC have issued a joint statement emphasising the importance of choosing the correct form of contract for building projects. | ||
| 650 | _aBUILT ENVIRONMENT-BUILDING CONTRACT FORMS | ||
| 650 | _aSTANDARD FORMS OF CONTRACT | ||
| 690 | _aBUILT ENVIRONMENT | ||
| 942 | _n0 | ||
| 948 | _c04/03/1997 | ||
| 999 |
_c370 _d370 |
||